书目信息 |
| 题名: |
纳米艺术概论
|
|
| 作者: | 沈海军 , 时东陆 编著 | |
| 分册: | ||
| 出版信息: | 北京 清华大学出版社 2010.11 |
|
| 页数: | 186页 | |
| 开本: | 26cm | |
| 丛书名: | ||
| 单 册: | ||
| 中图分类: | J0 | |
| 科图分类: | ||
| 主题词: | 纳米材料--na mi cai liao--艺术--概论 | |
| 电子资源: | ||
| ISBN: | 978-7-302-24022-8 | |
| 000 | 00907nam0 2200289 450 | |
| 001 | B00000089815 | |
| 005 | 20110714161504.56 | |
| 010 | @a978-7-302-24022-8@dCNY50.00 | |
| 100 | @a20101126d2010 km y0chiy50 ea | |
| 101 | 0 | @achi |
| 102 | @aCN@b110000 | |
| 105 | @aa a 000yy | |
| 106 | @ar | |
| 200 | 1 | @a纳米艺术概论@Ana mi yi shu gai lun@d= Nano art@f沈海军, 时东陆编著@zeng |
| 210 | @a北京@c清华大学出版社@d2010.11 | |
| 215 | @a186页@c图@d26cm | |
| 320 | @a有书目 | |
| 330 | @a本书内容包括纳米艺术的内涵、发展历史、创作路线、纳米艺术创作实验技术、艺术品展现技术、计算机辅助纳米艺术等。 | |
| 333 | @a本教材的主要对象为各理工类专业的大学生 | |
| 510 | 1 | @aNano art@zeng |
| 586 | @a | |
| 606 | 0 | @a纳米材料@Ana mi cai liao@x艺术@x概论 |
| 690 | @aJ0@v5 | |
| 701 | 0 | @a沈海军@Ashen hai jun@4编著 |
| 701 | 0 | @a时东陆@Ashi dong lu@4编著 |
| 801 | 0 | @aCN@c20110610 |
| 905 | @dJ0@eS390@f3 | |
| 纳米艺术概论= Nano art/沈海军, 时东陆编著.-北京:清华大学出版社,2010.11 |
| 186页:图;26cm |
| 使用对象:本教材的主要对象为各理工类专业的大学生 |
| ISBN 978-7-302-24022-8:CNY50.00 |
| 本书内容包括纳米艺术的内涵、发展历史、创作路线、纳米艺术创作实验技术、艺术品展现技术、计算机辅助纳米艺术等。 |
| ● |
| 相关链接 |
|
|
|
正题名:纳米艺术概论
索取号:J0/S390
 
预约/预借
| 序号 | 登录号 | 条形码 | 馆藏地/架位号 | 状态 | 备注 |
| 1 | 884053 | 208840539 | 社科库309/309社科库 61排2列1层/ [索取号:J0/S390] | 在馆 | |
| 2 | 884054 | 208840548 | 社科二线400B/309社科库 61排2列1层/ [索取号:J0/S390] | 在馆 | |
| 3 | 884055 | 208840557 | 社科库309/309社科库 61排2列1层/ [索取号:J0/S390] | 在馆 |